000 00259nam a2200109Ia 4500
008 190912s9999||||xx |||||||||||||| ||und||
100 _aDonald H. Sanders
245 0 _aComputers Today With Basic
260 _aUSA
_bPrentice
_c1988
300 _a782
942 _cBK
999 _c7109
_d7109